000 02197nam a2200601 c 4500
001 7190
003 ES-MaCES
005 20170517103002.0
008 980715s1998 sp d ||| | spa d
017 _aB-12.498-1998
_bDL
020 _a84.74263514
035 _aCES19980072627m
040 _aES-MaCES
_bspa
_cES-MaCES
041 1 _aeng
_hspa
245 0 3 _aLa situación del mundo 1998
_b: informe anual del Worldwatch Institute sobre medio ambiente y desarrollo
_cdirector del proyecto, Lester R. Brown ; [traducción, Fabián Chueca, Juan Antonio Moyano, Berna Wang]
246 3 _aState of the World 1998
250 _a1ª ed
260 _aBarcelona
_bIcaria
_c1998
300 _a463 p.
_bgráf.
_c23 cm
500 _aTraducción de: State of the World 1998
500 _aIndices
500 _aIncluye apéndice (p. 425-450): Políticas para el cambio climático en España, de José Santamarta
500 _aEn la port., además: Fundación Hogar del Empleado
541 _cCompra
650 4 _adesarrollo sostenible
_930785
650 4 _a1998
_931169
650 4 _ainforme
_928986
650 4 _aprotección ambiental
_929423
650 4 _aconservación de la naturaleza
_928754
650 4 _aconservación de los recursos
_928755
650 4 _abosque
_927585
650 4 _aprotección de los animales
_931043
650 4 _apesca
_927611
650 4 _aproducción agrícola
_927531
650 4 _areciclaje de desperdicios
_929528
650 4 _acambio climático
_930961
650 4 _aarmas
_926688
650 4 _acapital
_928127
650 4 _acuadros estadísticos
_928890
653 1 0 _aMedio ambiente
650 4 _928715
_amedio ambiente
700 1 _aBrown, Lester R.
_edir.
_98360
700 1 _aChueca, Fabián
_etr.
_99626
700 1 _aMoyano, Juan Antonio
_etr.
_919268
700 1 _aWang, Berna
_etrad.
_926131
700 1 _aSantamarta, José
_tPolíticas para el cambio climático en España
_923438
710 2 _aWorldwatch Institute
_95483
710 2 _93833
_aFundación Hogar del Empleado
787 0 _tLa situación del mundo 1999
_w(ES-MaCES)8928
902 _aLIB Libro
942 _2CES
_cBK
_h4.2.
999 _c7190
_d7190